| 000 | 00541nam a22001817a 4500 | ||
|---|---|---|---|
| 005 | 20240115095449.0 | ||
| 008 | 240115b |||||||| |||| 00| 0 eng d | ||
| 020 | _a9780409053746 | ||
| 041 | _aEnglish | ||
| 082 | _a346.6 COR | ||
| 100 | _lEnglish | ||
| 245 |
_aCorporate Governance Annual Review 2012 / _cI, Esser et al. |
||
| 250 | _aFirst Edition | ||
| 260 |
_aDurban : _bLexisNexis (Pty) Ltd, _c2012 |
||
| 300 |
_bxii, 295 pages ; _c25 cm. |
||
| 650 |
_aLegal practice _bLaw |
||
| 942 |
_cBK _6ALISON_BN_VRIES |
||
| 999 |
_c1233 _d1233 |
||